| 000 | 00381nam a22001457a 4500 | ||
|---|---|---|---|
| 082 |
_aT-181 _bOmair |
||
| 100 |
_aOmair _950758 |
||
| 245 |
_aSeismic damage assessment & retrofit of hybrid structures _cOmair |
||
| 260 |
_aMCE _bMCE _c2014 |
||
| 300 |
_axv, P-166 _bill, pb.: _c24 cm |
||
| 500 | _aThieses | ||
| 526 |
_a0 _b0 _c0 _dT_181_OMAIR |
||
| 650 |
_aMCE _9379 |
||
| 942 |
_2ddc _cBK |
||
| 999 |
_c553516 _d553516 |
||